[Event "Monte Sabotino op"]
[Site "Torino"]
[Date "2012.11.20"]
[Round "3"]
[White "Vittoria, Giuseppe"]
[Black "Barbonese, Roberto"]
[Result "0-1"]
[WhiteElo "1634"]
[BlackElo "1299"]
[PlyCount "68"]
[EventDate "2012.11.06"]
[EventType "swiss"]
[EventRounds "7"]
[EventCountry "ITA"]
[SourceTitle "EXT 2015"]
[Source "ChessBase"]
[SourceDate "2014.11.20"]
[SourceVersion "1"]
[SourceVersionDate "2014.11.20"]
[SourceQuality "1"]

1. e4 e5 2. Nf3 d6 3. Bc4 h6 4. c3 Nf6 5. d3 Bg4 6. Nbd2 Nbd7 7. Qb3 d5 8. exd5 Nc5 9. Qb5+ Bd7 10. Qb4 Nxd3+ 11. Bxd3 Bxb4 12. cxb4 Nxd5 13. Be4 Nxb4 14. a3 Nc6 15. 0-0 Qe7 16. Re1 0-0 17. Bd5 Rae8 18. b4 Qd6 19. Bb3 Nd4 20. Nxd4 Qxd4 21. Rb1 Be6 22. Bc2 Qc3 23. Re3 Qxc2 24. Re1 Rd8 25. Rb2 Qc3 26. Rd1 e4 27. Rf1 e3 28. Ne4 Qxa3 29. Rb1 Qd3 30. Nf6+ gxf6 31. Bxe3 Bc4 32. Bxh6 Rfe8 33. Be3 Rxe3 34. fxe3 Qxe3+ 0-1

[Event "Monte Sabotino op"]
[Site "Torino"]
[Date "2012.11.06"]
[Round "1"]
[White "Coqueraut, Lodewyk"]
[Black "Barbonese, Roberto"]
[Result "1-0"]
[WhiteElo "1818"]
[BlackElo "1299"]
[PlyCount "85"]
[EventDate "2012.11.06"]
[EventType "swiss"]
[EventRounds "7"]
[EventCountry "ITA"]
[SourceTitle "EXT 2015"]
[Source "ChessBase"]
[SourceDate "2014.11.20"]
[SourceVersion "1"]
[SourceVersionDate "2014.11.20"]
[SourceQuality "1"]

1. d4 d5 2. c4 dxc4 3. Nc3 e6 4. e4 Nd7 5. Bxc4 Ngf6 6. Nf3 Bb4 7. Qe2 Nb6 8. Bb3 0-0 9. 0-0 Bd7 10. Rd1 Bc6 11. e5 Nfd5 12. Ne4 a6 13. a4 Qd7 14. a5 Bb5 15. Qc2 Nc8 16. Neg5 g6 17. h4 Nce7 18. Ne4 Qc6 19. g4 Qxc2 20. Bxc2 Be2 21. Ned2 Bxd1 22. Bxd1 Nc6 23. Nc4 f6 24. Bh6 Rf7 25. Bb3 fxe5 26. Ncxe5 Nxe5 27. Nxe5 Rf6 28. Bg5 Rff8 29. Nd3 Rf3 30. Nxb4 Rxb3 31. Nxd5 exd5 32. Rc1 c6 33. Rc2 Re8 34. h5 Re4 35. f4 Rxd4 36. hxg6 hxg6 37. Kf2 Rb5 38. Ke3 Re4+ 39. Kf3 Rxa5 40. Rh2 Rb5 41. Bf6 Rb3+ 42. Bc3 b5 43. Rh8+ 1-0

[Event "Torino Province-ch"]
[Site "Torino"]
[Date "2012.02.21"]
[Round "1"]
[White "Yao, Stefano"]
[Black "Barbonese, Roberto"]
[Result "1-0"]
[WhiteElo "1769"]
[BlackElo "1302"]
[PlyCount "57"]
[EventDate "2012.02.21"]
[EventType "swiss"]
[EventRounds "7"]
[EventCountry "ITA"]
[SourceTitle "EXT 2015"]
[Source "ChessBase"]
[SourceDate "2014.11.20"]
[SourceVersion "1"]
[SourceVersionDate "2014.11.20"]
[SourceQuality "1"]

1. d4 d5 2. Nf3 g6 3. c4 Nf6 4. Nc3 Bg7 5. cxd5 Nxd5 6. e4 Nf6 7. e5 Nd5 8. Bc4 c6 9. Qb3 e6 10. 0-0 b5 11. Bd3 0-0 12. Bg5 Qd7 13. Ne4 f6 14. exf6 Bxf6 15. Nxf6+ Nxf6 16. a4 Bb7 17. Ne5 Qd5 18. Qxd5 exd5 19. axb5 Nbd7 20. Bxf6 Nxf6 21. bxc6 Bc8 22. Ra5 Be6 23. Rfa1 Rfb8 24. Rxa7 Rxa7 25. Rxa7 Rxb2 26. Ra8+ Kg7 27. c7 Bf5 28. Bxf5 gxf5 29. h3 1-0

[Event "Torino Estate Alfieri C"]
[Site "Torino"]
[Date "2011.05.17"]
[Round "3"]
[White "Speciale, Angelo"]
[Black "Barbonese, Roberto"]
[Result "1-0"]
[WhiteElo "1443"]
[BlackElo "1365"]
[PlyCount "63"]
[EventDate "2011.05.03"]
[EventType "tourn"]
[EventRounds "7"]
[EventCountry "ITA"]
[SourceTitle "EXT 2024"]
[Source "ChessBase"]
[SourceDate "2023.10.10"]
[SourceVersion "1"]
[SourceVersionDate "2023.10.10"]
[SourceQuality "1"]

1. e4 e5 2. Nf3 d6 3. c3 Nf6 4. Qc2 b6 5. d4 exd4 6. cxd4 Be7 7. Nc3 0-0 8. Be2 Bb7 9. 0-0 Nbd7 10. Be3 Ng4 11. h3 Nxe3 12. fxe3 Bg5 13. Nxg5 Qxg5 14. Rf4 Rae8 15. Raf1 Qe7 16. Bc4 Nf6 17. Bd3 Nh5 18. R4f3 Bc8 19. Nd5 Qd8 20. Nxc7 Re7 21. Nd5 Re6 22. Nc7 Rg6 23. e5 Rg3 24. exd6 Bxh3 25. Rxg3 Nxg3 26. Rf3 Qg5 27. Kh2 Bd7 28. Rxg3 Qh6+ 29. Kg1 g6 30. Bb5 Bf5 31. Qxf5 Qh4 32. Qg4 1-0